000 01842nam a22003017a 4500
005 20240814174138.0
008 s2529 th tha d
040 _aNALT
041 _atha
100 0 _aวสันต์ ธีรานุรักษ์
245 1 0 _aระเบียบงานคลังท้องถิ่น
260 3 _aกรุงเทพฯ :
_bธีรานุสรณ์การพิมพ์,
_c2529
300 _a151 หน้า ;
_b 26 ซม.
650 0 4 _aการคลังท้องถิ่น -- กฎหมายและระเบียบข้อบังคับ
650 0 4 _aข้าราชการส่วนท้องถิ่น -- ค่าเช่าบ้าน (ระเบียบ) -- 2528
650 0 4 _aค่าเช่าบ้าน (ระเบียบ) -- 2528
650 0 4 _aพัสดุ (ระเบียบ) -- 2528
650 0 4 _aวิธีการงบประมาณ (ระเบียบ) -- 2528
650 0 4 _aสุขาภิบาล -- การเงิน (ระเบียบ) -- 2518 -- แก้ไขเพิ่มเติม -- 2524
650 0 4 _aสุขาภิบาล -- วิธีการงบประมาณ (ระเบียบ) -- 2528
650 0 4 _aหน่วยราชการส่วนท้องถิ่น -- ค่าจ้าง (ระเบียบ) -- 2528
650 0 4 _aหน่วยราชการส่วนท้องถิ่น -- พัสดุ (ระเบียบ) -- 2528
650 0 4 _aเทศบาล -- วิธีการงบประมาณ (ระเบียบ) -- 2528
850 _aNALT
942 _cLB
_2lcc
999 _c17104
_d17104
998 _j25
_k นีลวัสน์ อินทรักษา
090 _aKH15 ว358ร 2529